[Event "Memorial Kurnosov 2018 Rapid"]
[Site "?"]
[Date "2018.09.08"]
[Round "8.1"]
[White "Artemiev, Vladislav"]
[Black "Bocharov, Ivan"]
[Result "1-0"]
[WhiteElo "2733"]
[BlackElo "2625"]
[PlyCount "83"]
[EventDate "2018.??.??"]
[EventType "rapid"]

1. e4 e5 2. Nf3 Nc6 3. Nc3 Nf6 4. Bb5 Nd4 5. Bc4 Bc5 6. d3 d6 7. h3 c6 8. Nxd4
Bxd4 9. Qf3 Be6 10. Ne2 Bb6 11. Ng3 Qd7 12. Bg5 Bd8 13. O-O h6 14. Be3 Bb6 15.
Rad1 Rd8 16. Bb3 Qe7 17. Bxb6 axb6 18. Qe3 c5 19. f4 b5 20. c4 bxc4 21. Ba4+
Kf8 22. f5 Bd7 23. Bxd7 Qxd7 24. dxc4 Qc6 25. Rfe1 Ke7 26. b3 Rhg8 27. Rd2 b6
28. Qf3 Rd7 29. a4 Kd8 30. Re3 Kc7 31. Ne2 Kd8 32. Nc3 Ke7 33. Qf2 Rgd8 34. Qh4
Kf8 35. Rg3 Qa8 36. Rdd3 Qa5 37. Kh2 Qb4 38. Rxg7 Kxg7 39. Rg3+ Kh7 40. Qxf6
Rg8 41. Rxg8 Kxg8 42. Qxh6 1-0

[Event "Memorial Kurnosov 2018 Rapid"]
[Site "?"]
[Date "2018.09.08"]
[Round "8.2"]
[White "Shcherbakov, Ruslan"]
[Black "Yuffa, Daniil"]
[Result "0-1"]
[WhiteElo "2545"]
[BlackElo "2597"]
[PlyCount "116"]
[EventDate "2018.??.??"]
[EventType "rapid"]

1. e4 Nf6 2. e5 Nd5 3. d4 d6 4. c4 Nb6 5. exd6 exd6 6. Nc3 Be7 7. h3 O-O 8. Nf3
Re8 9. Be2 Bf6 10. O-O Nc6 11. Bf4 Bf5 12. Rc1 Ne7 13. b3 c6 14. Re1 d5 15. Qd2
Ng6 16. Be3 Be6 17. c5 Nc8 18. Nh2 Nce7 19. g4 h6 20. Rf1 Bh4 21. f4 f5 22. Nf3
Qd7 23. Nxh4 Nxh4 24. Bf2 Nhg6 25. g5 hxg5 26. fxg5 f4 27. h4 Bh3 28. h5 Qf5
29. Kh2 Bxf1 30. Rxf1 f3 31. Bg3 Nf4 32. Qxf4 Qxf4 33. Bxf4 fxe2 34. Re1 Nf5
35. Be5 Kf7 36. g6+ Kg8 37. Rxe2 Re6 38. Rf2 Rf8 39. Kh3 Ne3 40. Rxf8+ Kxf8 41.
Ne2 Kg8 42. Nf4 Re7 43. h6 gxh6 44. Nh5 Nf5 45. Nf6+ Kg7 46. Kg4 Kxg6 47. Nh5
Ne3+ 48. Kh4 Rxe5 49. dxe5 Kf5 50. Kg3 Kxe5 51. Kf3 Nf5 52. Nf4 Nd4+ 53. Ke3
Ne6 54. Nd3+ Kf5 55. b4 h5 56. Kf3 h4 57. Nf2 Ng5+ 58. Ke3 h3 0-1

[Event "Memorial Kurnosov 2018 Rapid"]
[Site "?"]
[Date "2018.09.08"]
[Round "8.3"]
[White "Kotsur, Pavel"]
[Black "Oparin, Grigoriy"]
[Result "0-1"]
[WhiteElo "2570"]
[BlackElo "2665"]
[PlyCount "72"]
[EventDate "2018.??.??"]
[EventType "rapid"]

1. Nf3 Nf6 2. c4 e6 3. e3 b6 4. Be2 Bb7 5. O-O d5 6. b3 Bd6 7. Bb2 O-O 8. d4
Nbd7 9. Nbd2 Qe7 10. Ne5 c5 11. Bf3 Rfd8 12. Qe2 Ne4 13. Nxd7 Rxd7 14. cxd5
exd5 15. dxc5 Bxc5 16. Rfd1 Rad8 17. Rac1 h6 18. Bg4 Rd6 19. Nf3 Nf6 20. Nd4
Nxg4 21. Qxg4 Rg6 22. Qf3 Bc8 23. h3 Qh4 24. Nf5 Qg5 25. Nxg7 Rxg7 26. Bf6 Qg6
27. Bxd8 Bf5 28. g3 Be4 29. Qg4 Qc6 30. Qf4 Qe6 31. Kh2 Rg6 32. Qb8 Kh7 33. Bc7
Qf5 34. Bf4 Qh5 35. Qe5 Qf3 36. Rg1 Qxf2+ 0-1

[Event "Memorial Kurnosov 2018 Rapid"]
[Site "?"]
[Date "2018.09.08"]
[Round "8.4"]
[White "Iljiushenok, Ilia"]
[Black "Kokarev, Dmitry"]
[Result "0-1"]
[WhiteElo "2572"]
[BlackElo "2663"]
[PlyCount "66"]
[EventDate "2018.??.??"]
[EventType "rapid"]

1. e4 c5 2. Nf3 d6 3. d4 Nf6 4. Nc3 cxd4 5. Nxd4 a6 6. Bg5 e6 7. f4 Qb6 8. Nb3
Nbd7 9. Qe2 Qc7 10. O-O-O b5 11. a3 Bb7 12. g4 Be7 13. Bg2 O-O-O 14. Rhe1 h6
15. Bh4 g5 16. Bg3 gxf4 17. Bxf4 Ne5 18. h3 Nfd7 19. Kb1 Nc4 20. a4 Bf6 21.
axb5 Bxc3 22. bxc3 axb5 23. Bc1 Ndb6 24. Rf1 Bc6 25. Qf2 Rh7 26. Qd4 e5 27. Qf2
Bd7 28. Rd3 Qa7 29. Rfd1 Be6 30. Be3 Qa3 31. Bc1 Qa6 32. Be3 Rd7 33. Bxb6 Qa3
0-1

[Event "Memorial Kurnosov 2018 Rapid"]
[Site "?"]
[Date "2018.09.08"]
[Round "8.5"]
[White "Pridorozhni, Aleksei"]
[Black "Belyakov, Bogdan"]
[Result "1/2-1/2"]
[WhiteElo "2659"]
[BlackElo "2496"]
[PlyCount "141"]
[EventDate "2018.??.??"]
[EventType "rapid"]

1. d4 d5 2. Nf3 a6 3. e3 Bg4 4. c4 dxc4 5. Bxc4 e6 6. Nc3 Nf6 7. Qb3 Bxf3 8.
gxf3 Nc6 9. Bf1 Bd6 10. f4 Rb8 11. Bg2 O-O 12. O-O Kh8 13. Ne2 Ng4 14. h3 Nh6
15. e4 Qh4 16. Be3 Rg8 17. Rfd1 Qh5 18. Kf1 Rgd8 19. d5 exd5 20. Rxd5 Qg6 21.
Rad1 f6 22. f5 Qe8 23. Nf4 Rd7 24. Ne6 Re7 25. f4 Nf7 26. h4 Nfd8 27. Bh3 Nxe6
28. fxe6 Rxe6 29. Bxe6 Qxe6 30. Bc1 Qxe4 31. Kf2 h6 32. Qf3 Qc2+ 33. Qe2 Qg6
34. h5 Qf7 35. a3 Re8 36. Qg4 Qe7 37. b4 Qe4 38. Qf3 Qc2+ 39. R5d2 Qf5 40. Rd5
Qc2+ 41. R5d2 Qf5 42. Rd5 Qc8 43. Re1 Rxe1 44. Kxe1 Qe6+ 45. Kd1 Ne7 46. Rd3
Qf5 47. Re3 a5 48. bxa5 Qxa5 49. Qe2 Qa4+ 50. Ke1 Qxf4 51. Bd2 Qh4+ 52. Kd1 Be5
53. Re4 Qh3 54. Re3 Qh1+ 55. Kc2 Qc6+ 56. Kd1 Qa4+ 57. Ke1 Nd5 58. Rd3 Qh4+ 59.
Kd1 c6 60. Qf3 Qa4+ 61. Ke2 Qc4 62. Qf5 Ne7 63. Qd7 Qe4+ 64. Re3 Qg2+ 65. Kd1
Qf1+ 66. Be1 Nd5 67. Qe8+ Kh7 68. Qg6+ Kh8 69. Qe8+ Kh7 70. Qg6+ Kh8 71. Qe8+
1/2-1/2

[Event "Memorial Kurnosov 2018 Rapid"]
[Site "?"]
[Date "2018.09.08"]
[Round "8.6"]
[White "Yudin, Sergei"]
[Black "Girya, Olga"]
[Result "0-1"]
[WhiteElo "2641"]
[BlackElo "2455"]
[PlyCount "96"]
[EventDate "2018.??.??"]
[EventType "rapid"]

1. e4 c6 2. Nf3 d5 3. exd5 cxd5 4. Ne5 Nf6 5. d4 Nc6 6. Bb5 Bd7 7. Nxd7 Qxd7 8.
c3 a6 9. Bd3 e5 10. dxe5 Nxe5 11. O-O Bd6 12. Bg5 Ne4 13. Bxe4 dxe4 14. Nd2 f5
15. f3 Bc5+ 16. Kh1 h6 17. Bf4 Nd3 18. fxe4 O-O-O 19. exf5 Nxf4 20. Rxf4 Kb8
21. Rg4 Qxd2 22. Qxd2 Rxd2 23. Rxg7 Rxb2 24. h4 Rf8 25. Rf1 Rxa2 26. f6 a5 27.
Rb1 Rxf6 28. Rbxb7+ Ka8 29. Rbd7 Rb2 30. Rd5 Rc6 31. h5 Rb7 32. Rg6 Rbc7 33.
Rg8+ Ka7 34. Rdd8 Ka6 35. g4 Be3 36. Rge8 Bg5 37. Rd5 Rc5 38. Ra8+ Kb5 39. Rd1
Bf6 40. Rd6 R7c6 41. Rd3 Bxc3 42. Kg2 a4 43. Rd7 Ba5 44. Rda7 Kb4 45. Rf7 a3
46. Rf4+ Rc4 47. Rf5 R6c5 48. Rb8+ Ka4 0-1

[Event "Memorial Kurnosov 2018 Rapid"]
[Site "?"]
[Date "2018.09.08"]
[Round "8.8"]
[White "Kostenko, Petr"]
[Black "Kryakvin, Dmitry"]
[Result "1/2-1/2"]
[WhiteElo "2359"]
[BlackElo "2588"]
[PlyCount "109"]
[EventDate "2018.??.??"]
[EventType "rapid"]

1. Nf3 d5 2. e3 Nf6 3. c4 c6 4. b3 g6 5. Bb2 Bg7 6. Be2 O-O 7. O-O b6 8. d4 Bb7
9. Nbd2 Nbd7 10. Rc1 Rc8 11. Re1 e6 12. Qc2 Re8 13. b4 c5 14. Qa4 cxb4 15. Qxb4
Ba6 16. Qa4 Nb8 17. Qb3 Rc7 18. Ne5 Nfd7 19. Nxd7 Qxd7 20. cxd5 Rxc1 21. Bxc1
exd5 22. Bf3 Bxd4 23. Bxd5 Bb7 24. Bxb7 Qxb7 25. Nc4 Qc7 26. Ba3 Bf6 27. Nd6
Rd8 28. Rc1 Qd7 29. f4 Na6 30. h3 Nc5 31. Bxc5 bxc5 32. Nb7 Qd2 33. Qc2 Qxe3+
34. Kh1 Rd2 35. Qxc5 Qxc5 36. Rxc5 Rxa2 37. g4 Rd2 38. g5 Be7 39. Rc4 Kg7 40.
h4 h5 41. Kg1 Bd8 42. Nxd8 Rxd8 43. Ra4 Rd7 44. Kf2 Kf8 45. Ke3 Ke7 46. Ra6 Rc7
47. Ke4 Rb7 48. Ke5 Rd7 49. f5 gxf5 50. Kxf5 Rb7 51. Ra5 Kf8 52. g6 Rb6 53.
gxf7 a6 54. Kf4 Rb4+ 55. Kg3 1/2-1/2

[Event "Memorial Kurnosov 2018 Rapid"]
[Site "?"]
[Date "2018.09.08"]
[Round "8.9"]
[White "Andreikin, Dmitry"]
[Black "Iskusnyh, Sergei"]
[Result "0-1"]
[WhiteElo "2731"]
[BlackElo "2514"]
[PlyCount "114"]
[EventDate "2018.??.??"]
[EventType "rapid"]

1. e4 e6 2. d4 d5 3. Nd2 c5 4. Ngf3 cxd4 5. Nxd4 Nc6 6. Bb5 Bd7 7. Nxc6 bxc6 8.
Bd3 Qc7 9. Qe2 Ne7 10. Nf3 Ng6 11. O-O Bd6 12. Re1 Nf4 13. Bxf4 Bxf4 14. g3 Bd6
15. c4 dxc4 16. Bxc4 O-O 17. h4 Rfd8 18. e5 Be7 19. Bd3 Rab8 20. Qc2 g6 21. h5
Be8 22. hxg6 hxg6 23. Re4 Rb4 24. Kg2 Rxe4 25. Bxe4 Bf8 26. Qc1 Bg7 27. Qf4 Rb8
28. b3 Rb4 29. Re1 c5 30. Qd2 a5 31. Kg1 a4 32. bxa4 Rxa4 33. Qc2 Qa5 34. Rc1
Bh6 35. Rd1 Rxa2 36. Qb1 Qa4 37. Nh2 Bg7 38. Ng4 Rb2 39. Qd3 Rb4 40. Re1 Rd4
41. Qe3 Rd1 42. Kg2 Rxe1 43. Qxe1 Qd4 44. Bf3 c4 45. Qa5 c3 46. Qa8 Qd7 47. Be4
Qa4 48. Ne3 Qxa8 49. Bxa8 Bxe5 50. Be4 Bd4 51. Nc2 Bc5 52. Kf3 Bb5 53. Ne1 f5
54. Bc2 e5 55. g4 e4+ 56. Kf4 Bxf2 57. Ng2 Bf1 0-1

[Event "Memorial Kurnosov 2018 Rapid"]
[Site "?"]
[Date "2018.09.08"]
[Round "8.10"]
[White "Ulybin, Mikhail"]
[Black "Riazantsev, Alexander"]
[Result "1-0"]
[WhiteElo "2429"]
[BlackElo "2687"]
[PlyCount "133"]
[EventDate "2018.??.??"]
[EventType "rapid"]

1. d4 Nf6 2. c4 e6 3. g3 d5 4. Nf3 Bb4+ 5. Bd2 Be7 6. Bg2 O-O 7. O-O Nbd7 8.
Qb3 Nb6 9. c5 Nc4 10. Bf4 b6 11. c6 a5 12. Nc3 Ba6 13. a4 Nh5 14. Nb5 Nxf4 15.
gxf4 Bd6 16. e3 Qe8 17. Qc3 Bb4 18. Qc2 Qxc6 19. Ng5 g6 20. b3 Ne5 21. Qd1 Nd7
22. Rc1 Bxb5 23. Rxc6 Bxc6 24. Qc2 Nb8 25. e4 dxe4 26. Bxe4 Bxe4 27. Nxe4 Na6
28. d5 Be7 29. dxe6 fxe6 30. Qc6 Nc5 31. Qxc7 Rae8 32. Ng5 h6 33. Nf3 Bd8 34.
Qd6 Rf7 35. Ne5 Rxf4 36. Rd1 Bf6 37. Qc6 Rf8 38. Nd7 Nxd7 39. Qxe6+ Kh8 40.
Rxd7 Bg7 41. Qe7 Rg8 42. Kg2 Rf6 43. h4 Rc6 44. Qf7 Kh7 45. Re7 Rd6 46. Kg3 h5
47. Kg2 Rc6 48. Rb7 Kh8 49. Qd7 Rf6 50. Qc7 Re6 51. Rxb6 Rxb6 52. Qxb6 Bc3 53.
Qe3 Bg7 54. Qc5 Rb8 55. Qd6 Rb4 56. f3 Kh7 57. Qd5 Bc3 58. Qf7+ Kh6 59. f4 Bg7
60. f5 Rg4+ 61. Kh3 gxf5 62. Qxf5 Bc3 63. Qe6+ Kh7 64. Qf7+ Kh6 65. Qe6+ Kh7
66. Qd7+ Kg6 67. Qd3+ 1-0

[Event "Memorial Kurnosov 2018 Rapid"]
[Site "?"]
[Date "2018.09.08"]
[Round "9.1"]
[White "Yuffa, Daniil"]
[Black "Artemiev, Vladislav"]
[Result "0-1"]
[WhiteElo "2597"]
[BlackElo "2733"]
[PlyCount "53"]
[EventDate "2018.??.??"]
[EventType "rapid"]

1. d4 Nf6 2. c4 g6 3. Nc3 d5 4. Bg5 Bg7 5. Bxf6 Bxf6 6. cxd5 c6 7. e4 O-O 8. e5
Bg7 9. dxc6 Nxc6 10. Nge2 Qb6 11. Qb3 Nb4 12. Na4 Qa5 13. Nec3 Be6 14. Bc4 Bxc4
15. Qxc4 Nc2+ 16. Ke2 b5 17. Qd3 Nxa1 18. Nc5 b4 19. N3a4 Rfd8 20. f4 Nc2 21.
Qxc2 Rxd4 22. Ke3 Rad8 23. g3 Qc7 24. Rc1 Bxe5 25. fxe5 Qxe5+ 26. Kf3 Rd2 27.
Qd1 0-1

[Event "Memorial Kurnosov 2018 Rapid"]
[Site "?"]
[Date "2018.09.08"]
[Round "9.2"]
[White "Kokarev, Dmitry"]
[Black "Oparin, Grigoriy"]
[Result "1-0"]
[WhiteElo "2663"]
[BlackElo "2665"]
[PlyCount "121"]
[EventDate "2018.??.??"]
[EventType "rapid"]

1. e4 c6 2. Nc3 d5 3. d4 dxe4 4. Nxe4 Nf6 5. Nxf6+ exf6 6. Bc4 Bd6 7. Qe2+ Qe7
8. Qxe7+ Kxe7 9. Ne2 Be6 10. Bd3 a5 11. Bf4 Nd7 12. O-O-O Nb6 13. Rhe1 Rhe8 14.
Bxd6+ Kxd6 15. b3 a4 16. c4 Kc7 17. Kb2 axb3 18. axb3 Bg4 19. f3 Bd7 20. Nf4 g6
21. c5 Nd5 22. Nxd5+ cxd5 23. b4 b5 24. Rxe8 Bxe8 25. Re1 Kd8 26. Rxe8+ Kxe8
27. Bxb5+ Kd8 28. Bc6 Ra7 29. Kb3 Ra1 30. Bxd5 Rb1+ 31. Kc4 Rc1+ 32. Kb5 Rd1
33. Kc6 Rxd4 34. b5 Rd2 35. b6 Kc8 36. Kd6 Rb2 37. Bxf7 g5 38. Be6+ Kb7 39.
Bd5+ Kc8 40. g3 h6 41. g4 Rb1 42. h3 Rb2 43. Be4 Rb4 44. Ke6 Rb5 45. Kxf6 Rxc5
46. b7+ Kc7 47. Kg6 Rb5 48. Kxh6 Kd6 49. Kh5 Kd7 50. h4 gxh4+ 51. Kxh4 Ke6 52.
g5 Ke5 53. Kg4 Rb4 54. Kg3 Rb2 55. Kg4 Rb4 56. Kh5 Rb6 57. g6 Kf6 58. Kh6 Rb2
59. Kh7 Ke7 60. Kg7 Rb4 61. f4 1-0

[Event "Memorial Kurnosov 2018 Rapid"]
[Site "?"]
[Date "2018.09.08"]
[Round "9.3"]
[White "Girya, Olga"]
[Black "Chigaev, Maksim"]
[Result "0-1"]
[WhiteElo "2455"]
[BlackElo "2678"]
[PlyCount "115"]
[EventDate "2018.??.??"]
[EventType "rapid"]

1. d4 Nf6 2. Nf3 g6 3. Bg5 Bg7 4. Nbd2 O-O 5. c3 d6 6. e4 Nc6 7. Be2 Qe8 8. Qc2
h6 9. Bh4 Nh5 10. d5 Nb8 11. Nd4 Nf4 12. Bf3 e5 13. dxe6 fxe6 14. Ne2 e5 15.
Bg3 Nc6 16. h3 h5 17. h4 Kh8 18. Nc4 Be6 19. Ne3 Bh6 20. Nd5 Nxd5 21. exd5 Bf5
22. Be4 Ne7 23. Rd1 Qb5 24. O-O Qc4 25. Bd3 Qxa2 26. f4 e4 27. Bxe4 Rae8 28.
Bf2 Bxe4 29. Qxe4 Nf5 30. Qc2 Qc4 31. Nd4 Qxd5 32. c4 Qe4 33. Qxe4 Rxe4 34. g3
Nxd4 35. Bxd4+ Bg7 36. Bxg7+ Kxg7 37. Rc1 b6 38. b4 Rf7 39. Rf3 Kf6 40. Rd3
Rfe7 41. Kf2 Re2+ 42. Kf3 Re1 43. Rc2 Rf1+ 44. Kg2 Ree1 45. c5 dxc5 46. bxc5
Rg1+ 47. Kf3 Ref1+ 48. Ke4 Rc1 49. Rxc1 Rxc1 50. cxb6 axb6 51. Rd8 Rc3 52. Rd7
b5 53. Rd5 b4 54. Rb5 b3 55. Rb7 c6 56. Rb6 Ke6 57. Kd4 Rxg3 58. Rxc6+ 0-1

[Event "Memorial Kurnosov 2018 Rapid"]
[Site "?"]
[Date "2018.09.08"]
[Round "9.4"]
[White "Pridorozhni, Aleksei"]
[Black "Sivuk, Vitaly"]
[Result "1-0"]
[WhiteElo "2659"]
[BlackElo "2526"]
[PlyCount "129"]
[EventDate "2018.??.??"]
[EventType "rapid"]

1. e4 e6 2. d4 d5 3. Nc3 Bb4 4. exd5 exd5 5. Bd3 c6 6. Qf3 Qf6 7. Be3 Qxf3 8.
Nxf3 Ne7 9. Nh4 Nd7 10. h3 Nf8 11. O-O-O Nfg6 12. Nxg6 hxg6 13. g4 Bxc3 14.
bxc3 Be6 15. f3 Kd7 16. h4 Nc8 17. Bf4 Nd6 18. Rh2 a5 19. Rdh1 a4 20. h5 gxh5
21. Rxh5 Rxh5 22. Rxh5 Rg8 23. Rh7 Ne8 24. Kb2 Nf6 25. Rh1 Ra8 26. Ka3 Ke7 27.
Rb1 b5 28. Rh1 Nd7 29. Rh7 Rg8 30. Kb4 f6 31. Rh1 Kf7 32. Re1 Rh8 33. Bd6 Re8
34. f4 Nb6 35. g5 f5 36. Be5 Nd7 37. g6+ Kxg6 38. Rg1+ Kh5 39. Rxg7 Kh4 40. Bd6
Kh3 41. Be7 Kh2 42. Bh4 Rh8 43. Bg5 Re8 44. Be2 Kg3 45. Bh5 Rh8 46. Be2 Kf2 47.
Bd3 Re8 48. Rh7 Kg3 49. Rh6 Kg4 50. Rh1 Kg3 51. Re1 Kg4 52. Re3 Kh5 53. Bxf5
Bxf5 54. Rxe8 Bxc2 55. Re6 Nb6 56. Rxc6 Nc4 57. a3 Bd3 58. Rh6+ Kg4 59. Kxb5
Nxa3+ 60. Kxa4 Nc4 61. Kb4 Ne3 62. Re6 Nf5 63. Re5 Bc4 64. Kc5 Ng3 65. Rxd5 1-0

[Event "Memorial Kurnosov 2018 Rapid"]
[Site "?"]
[Date "2018.09.08"]
[Round "9.5"]
[White "Bocharov, Ivan"]
[Black "Yakovich, Yuri"]
[Result "1/2-1/2"]
[WhiteElo "2625"]
[BlackElo "2502"]
[PlyCount "87"]
[EventDate "2018.??.??"]
[EventType "rapid"]

1. e4 c5 2. Nf3 e6 3. d4 cxd4 4. Nxd4 a6 5. c4 Nf6 6. Nc3 Bb4 7. Qd3 d5 8. cxd5
exd5 9. e5 Ne4 10. Be2 Nc6 11. Nxc6 bxc6 12. O-O Bf5 13. Nxe4 Bxe4 14. Qg3 O-O
15. Bd3 Bxd3 16. Qxd3 Re8 17. Bf4 Qb6 18. Rac1 Rac8 19. Rc2 Qb5 20. Qh3 d4 21.
Rd1 Rcd8 22. Qb3 Re6 23. Rc4 Be7 24. Qxb5 cxb5 25. Rcxd4 Rxd4 26. Rxd4 g5 27.
Bd2 Rxe5 28. Kf1 h5 29. h3 Kh7 30. f4 gxf4 31. Bxf4 Re6 32. b3 Kg6 33. Rd5 Rc6
34. Ke2 Rc2+ 35. Rd2 Rxd2+ 36. Bxd2 Kf5 37. Kd3 Ke5 38. Be1 f5 39. Bg3+ Kd5 40.
Bf4 Bc5 41. Be3 Bd6 42. Bd4 Bg3 43. Bc3 Bf4 44. Bb2 1/2-1/2

[Event "Memorial Kurnosov 2018 Rapid"]
[Site "?"]
[Date "2018.09.08"]
[Round "9.6"]
[White "Iskusnyh, Sergei"]
[Black "Volkov, Sergey"]
[Result "0-1"]
[WhiteElo "2514"]
[BlackElo "2603"]
[PlyCount "120"]
[EventDate "2018.??.??"]
[EventType "rapid"]

1. d4 d5 2. c4 c6 3. Nf3 Nf6 4. g3 Bf5 5. Nc3 e6 6. Nh4 dxc4 7. Nxf5 exf5 8. e3
g6 9. Bxc4 Bg7 10. Qb3 Qe7 11. O-O O-O 12. Rd1 a5 13. Bd2 a4 14. Qc2 b5 15. Bf1
a3 16. Bg2 axb2 17. Qxb2 Qa3 18. Rab1 Re8 19. Rdc1 Qxb2 20. Rxb2 Ra6 21. Rbc2
Bf8 22. d5 b4 23. Ne2 c5 24. Nf4 Nbd7 25. Bf1 Ra5 26. Bc4 Ne4 27. Be1 Ne5 28.
Bb3 Nf3+ 29. Kg2 Nxe1+ 30. Rxe1 Bd6 31. Ne2 Be5 32. Rd1 Rd8 33. Rdc1 Bd6 34. h3
h5 35. Rd1 Kf8 36. Rdc1 Ke7 37. Rd1 Rh8 38. h4 Rd8 39. Rdc1 Kd7 40. Rd1 Re8 41.
Rdc1 Nf6 42. Ng1 Rc8 43. Ne2 Rca8 44. Rd1 Ke7 45. Rdc1 Nd7 46. Rd1 Ne5 47. Nf4
c4 48. Bxc4 Rc8 49. Rdc1 Nxc4 50. Rxc4 Rxc4 51. Rxc4 Rxa2 52. Rc6 Ra8 53. Ne2
Rb8 54. Rc1 Be5 55. f4 Bh8 56. Nd4 Bxd4 57. exd4 b3 58. Kf3 b2 59. Rb1 Kd6 60.
Ke3 Kxd5 0-1

[Event "Memorial Kurnosov 2018 Rapid"]
[Site "?"]
[Date "2018.09.08"]
[Round "9.7"]
[White "Demidov, Mikhail"]
[Black "Kostenko, Petr"]
[Result "1-0"]
[WhiteElo "2594"]
[BlackElo "2359"]
[PlyCount "57"]
[EventDate "2018.??.??"]
[EventType "rapid"]

1. Nf3 Nf6 2. g3 b5 3. Bg2 Bb7 4. O-O e6 5. d3 c5 6. e4 Be7 7. e5 Nd5 8. c4 Nc7
9. Nc3 a6 10. h4 O-O 11. Qe2 f5 12. exf6 Rxf6 13. Ne4 Rf8 14. Bg5 d6 15. d4
cxd4 16. Nxd4 e5 17. Nc2 Bxg5 18. hxg5 Qe7 19. Rad1 Rd8 20. Ne3 Bxe4 21. Bxe4
Ra7 22. Nf5 Qxg5 23. Nxd6 Nd7 24. cxb5 axb5 25. Bxh7+ Kxh7 26. Nf7 Qe7 27. Nxd8
Qxd8 28. Qd3+ Kg8 29. Qxd7 1-0

[Event "Memorial Kurnosov 2018 Rapid"]
[Site "?"]
[Date "2018.09.08"]
[Round "9.8"]
[White "Belyakov, Bogdan"]
[Black "Shcherbakov, Ruslan"]
[Result "1/2-1/2"]
[WhiteElo "2496"]
[BlackElo "2545"]
[PlyCount "56"]
[EventDate "2018.??.??"]
[EventType "rapid"]

1. e4 c5 2. c3 d5 3. exd5 Qxd5 4. d4 Nc6 5. Nf3 Bf5 6. Be2 e6 7. c4 Qd8 8. d5
Nb4 9. Na3 Nf6 10. Nh4 Be4 11. f3 Bg6 12. Nxg6 hxg6 13. Qa4+ Qd7 14. Nb5 exd5
15. Nc7+ Kd8 16. Qxd7+ Kxd7 17. Nxa8 Nc2+ 18. Kd1 Nxa1 19. cxd5 Rh5 20. Bb5+
Kd8 21. Bc4 Bd6 22. h4 b5 23. g4 Re5 24. Bxb5 Rxd5+ 25. Ke2 Nc2 26. Bc4 Re5+
27. Kf2 Nd4 28. Bf4 Re2+ 1/2-1/2

[Event "Memorial Kurnosov 2018 Rapid"]
[Site "?"]
[Date "2018.09.08"]
[Round "9.9"]
[White "Lysyj, Igor"]
[Black "Ulybin, Mikhail"]
[Result "1-0"]
[WhiteElo "2644"]
[BlackElo "2429"]
[PlyCount "84"]
[EventDate "2018.??.??"]
[EventType "rapid"]

1. d4 e6 2. c4 f5 3. Nf3 Nf6 4. g3 d5 5. Bf4 Bd6 6. e3 O-O 7. Bg2 Bd7 8. Qc2
Bxf4 9. exf4 Bc6 10. c5 Nbd7 11. O-O a5 12. a3 a4 13. Re1 Ne4 14. Nc3 Re8 15.
Bf1 Ra5 16. Na2 Qa8 17. Nb4 Bb5 18. Bg2 Bc4 19. Nd2 b5 20. cxb6 Nxd2 21. Qxd2
Nxb6 22. Rac1 Rb5 23. Re3 Qc8 24. Rce1 Bb3 25. Qd3 Nc4 26. R3e2 Nd6 27. Qe3 Bc4
28. Rc2 Qd7 29. Rec1 Rb6 30. Bf3 h6 31. h4 Re7 32. Qd2 Kf8 33. Kg2 Kg8 34. Qe3
Kf8 35. Rc3 Kg8 36. Qd2 Kf8 37. Re3 Kg8 38. Qc3 Kf8 39. Qe1 Kf7 40. Qc3 Kf8 41.
Rce1 Nb5 42. Qd2 Rf7 1-0

[Event "Memorial Kurnosov 2018 Rapid"]
[Site "?"]
[Date "2018.09.08"]
[Round "9.10"]
[White "Yudin, Sergei"]
[Black "Lugovskoy, Maxim"]
[Result "1-0"]
[WhiteElo "2641"]
[BlackElo "2512"]
[PlyCount "85"]
[EventDate "2018.??.??"]
[EventType "rapid"]

1. e4 e6 2. Qe2 Nc6 3. Nf3 e5 4. g3 g6 5. Bg2 Bg7 6. O-O Nge7 7. c3 d6 8. Rd1
O-O 9. d4 exd4 10. Nxd4 Nxd4 11. cxd4 Nc6 12. Be3 h5 13. Nc3 Bg4 14. f3 Bd7 15.
Rac1 f5 16. h3 Kh8 17. Kh2 Rc8 18. Qd2 Qe8 19. Ne2 Qf7 20. d5 Ne7 21. Bd4 Ng8
22. Bxg7+ Qxg7 23. exf5 Bxf5 24. Nd4 g5 25. Re1 Ne7 26. Nb5 h4 27. g4 Bd7 28.
Nxa7 Ra8 29. Rxc7 Ng6 30. Rxb7 Nf4 31. Nc6 Rae8 32. Rxe8 Rxe8 33. Bf1 Kg8 34.
a4 Qh7 35. Qc3 Qf7 36. Nb8 Nxh3 37. Rb4 Nf4 38. Nxd7 Qxd7 39. Qf6 Qe7 40. Qxe7
Rxe7 41. a5 Re1 42. a6 Ra1 43. Rb7 1-0